00795nmc a2200265 a 4500003000900000005001700009008004100026040001300067100003600080245001300116260003300129300002500162490004500187500009100232650002500323650001500348650001100363650001500374650002300389650001900412651002200431653001300453655001500466700004800481AR-BaBNM20251128202750.0017019s1959 ||||||||||||||000 | spa|| cAR-BaBNM1 aCané, Miguelchijod1851-190510aEn viaje aBuenos AiresbKapeluszc19591 axiv, 110 p.bláms. 0aGrandes obras de la literatura universal0 aContiene una selección de juicios de personalidades sobre la presente obra en p. 110 4aLITERATURA ARGENTINA 4aESCRITORES 4aVIAJES 4aBIOGRAFIAS 4aGENERACION DE 1880 4aVIDA LITERARIA 4aAmérica del Sur 0aCRONICAS aLITERATURA1 aEstrella Gutiérrez, Fermíneprologuista